| 000 | 00584nam a2200169Ia 4500 | ||
|---|---|---|---|
| 008 | 110201s9999 xx 000 0 und d | ||
| 082 |
_bB8914 _aKS 1322 |
||
| 100 | _aऔरंगाबादकर अनुराधा | ||
| 245 | _aहास्यकळया | ||
| 260 | _bश्रीकल्प प्रकाशन | ||
| 365 | _b150 | ||
| 600 | _aऔरंगाबादकर अनुराधा | ||
| 630 | _aहास्यकळया | ||
| 700 | _aऔरंगाबादकर अनुराधा | ||
| 730 | _aहास्यकळया | ||
| 942 | _cBOOK | ||
| 999 |
_c834375 _d834372 |
||